000 00691nam a2200289Ia 4500
005 20260324143320.0
008 008 260324s9999 xx 000 0 eng d
020 _a9781315070308
037 _aEBOOK
040 _aCRL
040 _beng
040 _cCRL
041 _2eng
041 _aeng
084 _qCRL
100 _aD. Hulme; Michael Edwards
_91215202
245 0 _aMaking a Difference
245 0 _bNGO's and Development in a Changing World
260 _bTaylor and Francis
260 _c1992
365 _a
365 _b230
856 _uhttp://www.taylorfrancis.com/books/9781315070308
942 _cEBOOK
999 _c1820421
_d1820421